| 000 | 01009nam a22002297a 4500 | ||
|---|---|---|---|
| 999 |
_c6130 _d6130 |
||
| 003 | AR-CdUCM | ||
| 008 | 190313b ||||| |||| 00| 0 spa d | ||
| 040 |
_aMUNICIPALIDAD PROVINCIAL DEL CUSCO _cBIBLIOTECA MUNICIPAL DEL CUSCO |
||
| 041 | _hpo | ||
| 082 |
_a985.04 / _bV145 |
||
| 100 |
_aValdez y Palacios, José Manuel _917738 |
||
| 245 | _aBosquejo sobre el estado político, moral y literario del Perú en sus tres grandes épocas / | ||
| 260 |
_aLima : _bBiblioteca Nacional del Perú, _c1971. |
||
| 300 |
_a166 páginas ; _c22 cm. |
||
| 505 | _aContenido: Estado político, moral y literario del Perú antes de la guerra de la independencia -- Estado político, moral y literario del Perú durante la época de su independencia -- Estado político, moral y literario del Perú después de la época de su independencia. | ||
| 650 |
_aPeru _9429 |
||
| 650 |
_aHistoria _9136 |
||
| 650 |
_aEmancipación _9260 |
||
| 700 |
_aSologuren, Carmne (traductor) _917783 |
||
| 942 |
_2ddc _cLIBROS |
||
| 945 | _acmm | ||